000 00888nam a22002417a 4500
003 OSt
005 20250811032939.0
008 240606b |||||||| |||| 00| 0 eng d
020 _a9786214092116
040 _aDWCL-Main lib.
_cOC
082 _aFil. 941.25 R627 2023
100 _aGarcia, Carlito D.
245 _aRizal and the development of Filipino nationalism :
_ba revised textbook on the life, works and writings of our national hero/
_cCarlito D. Garcia [and four others]
260 _aMandaluyong :
_bBooks Atbp. Publishing Corporation,
_cc2023.
300 _axiv, 205 pages :
_billustrations ;
_c26cm.
504 _aIncludes bibliographical references.
600 _a1. Jose, Rizal --- Biography.
700 _aDe Viana, Augusto V.
700 _aRabino, Evelyn T.
700 _aDecena, Daniella M.
700 _aAlday, Mary Jean P.
942 _2ddc
_cBK - FIL
_kFil.
_n0
999 _c243
_d243